[Event "XXXIII Festival Conca della Presolana A"]
[Site "Bratto - Castione della Presolana ITA"]
[Date "2013.08.18"]
[Round "1"]
[White "Benazzo, Angelo"]
[Black "Mortola, Alberto"]
[WhiteElo "1788"]
[BlackElo "1936"]
[Result "0-1"]
[PlyCount "78"]
[EventDate "2013.08.18"]

1. Nf3 f5 2. g3 Nf6 3. Bg2 g6 4. b3 Bg7 5. Bb2 d6 6. d4 O-O 7. O-O Ne4 8. Nbd2
d5 9. c4 c6 10. Qc2 Be6 11. c5 Nd7 12. e3 Qc7 13. b4 Ndf6 14. Ne5 Nxd2 15. Qxd2
Nd7 16. f4 Nf6 17. a4 Ne4 18. Bxe4 fxe4 19. Bc3 Bh3 20. Rfb1 e6 21. b5 Bxe5 22.
dxe5 g5 23. Kf2 gxf4 24. exf4 cxb5 25. axb5 Qxc5+ 26. Bd4 Qc7 27. Rd1 Qg7 28.
Qe3 Rac8 29. Rac1 Qd7 30. Qe2 Bf5 31. Ke3 Rxc1 32. Rxc1 Rc8 33. Rxc8+ Qxc8 34.
Bxa7 Qc3+ 35. Kf2 d4 36. g4 e3+ 37. Kf3 Bd3 38. Qg2 Bc4 39. Qg1 e2+ 0-1

[Event "XXXIII Festival Conca della Presolana A"]
[Site "Bratto - Castione della Presolana ITA"]
[Date "2013.08.18"]
[Round "1"]
[White "Boccalatte, Piero"]
[Black "Zuliani, Francesco"]
[WhiteElo "1972"]
[BlackElo "1803"]
[Result "1-0"]
[PlyCount "101"]
[EventDate "2013.08.18"]

1. d4 Nf6 2. c4 g6 3. Nc3 Bg7 4. e4 O-O 5. Bd3 c5 6. d5 e6 7. Nge2 exd5 8. cxd5
d6 9. O-O a6 10. a4 Nbd7 11. f4 Re8 12. Ng3 Qc7 13. Qf3 h5 14. h3 h4 15. Nge2
c4 16. Bc2 Qd8 17. Be3 Qe7 18. Qf2 Nh5 19. Bd4 Ng3 20. Rfd1 Nxe2+ 21. Nxe2 Nf6
22. Nc3 Nh5 23. Bxg7 Nxg7 24. Rd4 Qc7 25. Bd1 Qc5 26. Be2 Bd7 27. Rxc4 Qa5 28.
b4 Qd8 29. Rc1 Bxa4 30. Nxa4 b5 31. Rc6 bxa4 32. Bf3 Qb8 33. Rb6 Qd8 34. Rcc6
Rb8 35. Rxd6 Qe7 36. Qc5 Rec8 37. Rxb8 Rxb8 38. Rxa6 Qb7 39. Rxa4 Rc8 40. Qe3
Qb5 41. Ra1 Qxb4 42. Rc1 Re8 43. Qf2 Qe7 44. Rc6 Qb4 45. Qxh4 f5 46. Rxg6 fxe4
47. Qf6 Qc5+ 48. Kh2 Re7 49. Bxe4 Rf7 50. Qd8+ Rf8 51. Qg5 1-0

[Event "XXXIII Festival Conca della Presolana A"]
[Site "Bratto - Castione della Presolana ITA"]
[Date "2013.08.18"]
[Round "1"]
[White "Bonassi, Tommaso"]
[Black "Cristiani, Gianfranco"]
[WhiteElo "1949"]
[BlackElo "1790"]
[Result "1-0"]
[PlyCount "95"]
[EventDate "2013.08.18"]

1. e4 e6 2. Nf3 d5 3. e5 c5 4. b4 cxb4 5. a3 Nc6 6. axb4 Bxb4 7. c3 Be7 8. d4
Bd7 9. Bd3 Qc7 10. O-O f6 11. Re1 f5 12. Ng5 g6 13. Na3 a6 14. Nb5 Qb8 15. Nd6+
Bxd6 16. exd6 Nd8 17. Bf4 h6 18. Be5 hxg5 19. Bxh8 Qxd6 20. Be5 Qc6 21. g4 Nf7
22. gxf5 gxf5 23. Qh5 Kf8 24. Rac1 a5 25. Qg6 Ne7 26. Qg7+ Ke8 27. Bf6 Qd6 28.
c4 Qf4 29. Re3 Rc8 30. c5 b6 31. c6 Rxc6 32. Rxc6 Bxc6 33. Rxe6 Qg4+ 34. Kf1
Qd1+ 35. Re1 Qxd3+ 36. Kg1 Qa3 37. Rxe7+ Qxe7 38. Bxe7 Kxe7 39. Qg6 Bd7 40.
Qxb6 a4 41. f4 g4 42. Kf2 Nd6 43. Kg3 Nc4 44. Qa6 a3 45. Kh4 Be6 46. Kg5 Kd7
47. Kf6 Bg8 48. Kxf5 1-0

[Event "XXXIII Festival Conca della Presolana A"]
[Site "Bratto - Castione della Presolana ITA"]
[Date "2013.08.18"]
[Round "1"]
[White "Delledonne, Francesco"]
[Black "Peron, Davide"]
[WhiteElo "1916"]
[BlackElo "1784"]
[Result "1-0"]
[PlyCount "55"]
[EventDate "2013.08.18"]

1. e4 c5 2. Nf3 d6 3. d4 cxd4 4. Nxd4 Nf6 5. Nc3 a6 6. f4 Nc6 7. Nxc6 bxc6 8.
e5 Ng4 9. Be2 Nh6 10. Be3 e6 11. exd6 Nf5 12. Bf2 Bxd6 13. Qd2 Qc7 14. g3 Rb8
15. Rb1 O-O 16. O-O Rd8 17. Bd3 Be7 18. Ne4 e5 19. Bc5 Bxc5+ 20. Nxc5 Qb6 21.
Qf2 exf4 22. gxf4 g6 23. Ne4 Qxf2+ 24. Rxf2 a5 25. Ng3 Be6 26. Nxf5 Bxa2 27.
Ra1 gxf5 28. Rxa2 1-0

[Event "XXXIII Festival Conca della Presolana A"]
[Site "Bratto - Castione della Presolana ITA"]
[Date "2013.08.18"]
[Round "1"]
[White "Domenighini, Alessandro"]
[Black "Papale, Carmelo"]
[WhiteElo "1763"]
[BlackElo "1858"]
[Result "1-0"]
[PlyCount "93"]
[EventDate "2013.08.18"]

1. d4 Nf6 2. c4 c5 3. d5 b5 4. cxb5 a6 5. bxa6 Bxa6 6. Nc3 d6 7. e4 Bxf1 8.
Kxf1 g6 9. h4 Bg7 10. Nge2 Qb6 11. Ng3 h5 12. Qe2 Nbd7 13. Qb5 Qa7 14. Rb1 O-O
15. Qe2 Rfb8 16. Bg5 Nh7 17. Bd2 Bd4 18. Nxh5 gxh5 19. Qxh5 Ndf6 20. Qe2 Qa6
21. f3 Nh5 22. Qxa6 Rxa6 23. Rh3 Bxc3 24. Bxc3 Rxa2 25. Kf2 Nf8 26. g3 Ng6 27.
f4 Ra4 28. Re1 Nf6 29. Kf3 Nf8 30. g4 Rba8 31. g5 Ne8 32. h5 Ra1 33. Rhh1 Rxe1
34. Rxe1 Nc7 35. h6 Nb5 36. f5 Nxc3 37. bxc3 Kh7 38. Kf4 Nd7 39. Rb1 Rb8 40.
Rxb8 Nxb8 41. e5 Nd7 42. e6 fxe6 43. dxe6 Ne5 44. Ke4 Ng4 45. f6 exf6 46. e7
fxg5 47. Kf5 1-0

[Event "XXXIII Festival Conca della Presolana A"]
[Site "Bratto - Castione della Presolana ITA"]
[Date "2013.08.18"]
[Round "1"]
[White "Drago, Paolo"]
[Black "Villa, Claudio"]
[WhiteElo "1858"]
[BlackElo "1766"]
[Result "1/2-1/2"]
[PlyCount "91"]
[EventDate "2013.08.18"]

1. d4 d5 2. c4 dxc4 3. Nc3 a6 4. a4 Nf6 5. e3 e6 6. Bxc4 Bb4 7. Bd2 O-O 8. Nf3
c5 9. O-O Nc6 10. dxc5 Bxc5 11. Qc2 Qe7 12. Ne4 Nxe4 13. Qxe4 f5 14. Qc2 Bd7
15. Rac1 Bb4 16. Bxb4 Nxb4 17. Qb3 b5 18. axb5 axb5 19. Be2 Nd5 20. Ne5 b4 21.
Bf3 Ra5 22. Nxd7 Qxd7 23. Bxd5 Rxd5 24. Qxb4 Rb5 25. Qc3 Rfb8 26. Rc2 Rb3 27.
Qe5 R8b5 28. Rc7 Rxe5 29. Rxd7 Rxb2 30. g3 Reb5 31. Re7 Rb6 32. Kg2 Kf8 33. Rc7
Rb7 34. Rc6 Kf7 35. Rd1 R2b6 36. Rc8 Kf6 37. Rdd8 g5 38. h3 g4 39. Rf8+ Rf7 40.
h4 Rxf8 41. Rxf8+ Kg7 42. Rc8 Rb4 43. Rc7+ Kg6 44. Re7 Rb6 45. Rc7 Rb4 46. Re7
1/2-1/2

[Event "XXXIII Festival Conca della Presolana A"]
[Site "Bratto - Castione della Presolana ITA"]
[Date "2013.08.18"]
[Round "1"]
[White "Dubois, Martine"]
[Black "Hunt, Caro"]
[WhiteElo "1995"]
[BlackElo "1833"]
[Result "1-0"]
[PlyCount "77"]
[EventDate "2013.08.18"]

1. e4 d5 2. exd5 Qxd5 3. Nc3 Qa5 4. Bc4 Nf6 5. d3 Bg4 6. f3 Bd7 7. Bd2 Qh5 8.
Nge2 e6 9. Nf4 Qc5 10. Qe2 Be7 11. b4 Qd6 12. Rb1 O-O 13. O-O a6 14. Be3 Re8
15. Ne4 Nxe4 16. fxe4 Bf6 17. Qf2 Nc6 18. Nh5 Bd4 19. Qxf7+ Kh8 20. Bxd4 Qxd4+
21. Qf2 Qxf2+ 22. Rxf2 Rf8 23. c3 Rxf2 24. Kxf2 Rf8+ 25. Ke2 e5 26. h3 g6 27.
Ng3 b5 28. Bb3 Nd8 29. Rf1 Kg7 30. Ke3 Be6 31. Rb1 Bxb3 32. axb3 Ne6 33. Ra1
Nf4 34. Ra2 Rf6 35. d4 exd4+ 36. cxd4 g5 37. Rc2 Kg6 38. Nf5 Re6 39. Kf3 1-0

[Event "XXXIII Festival Conca della Presolana A"]
[Site "Bratto - Castione della Presolana ITA"]
[Date "2013.08.18"]
[Round "1"]
[White "Foglieni, Matteo"]
[Black "Razzano, Lorenzo"]
[WhiteElo "1809"]
[BlackElo "1988"]
[Result "1/2-1/2"]
[PlyCount "71"]
[EventDate "2013.08.18"]

1. Nf3 g6 2. g3 Bg7 3. Bg2 d6 4. O-O Nc6 5. c4 e5 6. Nc3 f5 7. d3 Nf6 8. Rb1 a5
9. a3 O-O 10. b4 axb4 11. axb4 h6 12. Ne1 Ne7 13. b5 d5 14. Qb3 Be6 15. Ba3
dxc4 16. dxc4 e4 17. Nc2 Ng4 18. Rfd1 Qe8 19. Nd5 Bxd5 20. cxd5 Kh7 21. Nd4 Rf7
22. Ne6 Nc8 23. Bb2 Bxb2 24. Rxb2 Nd6 25. Rc1 Rc8 26. h3 Nf6 27. e3 Re7 28. Bf1
Nxd5 29. Qxd5 Rxe6 30. Rbc2 Re7 31. b6 Qf7 32. Qxf7+ Rxf7 33. Rxc7 Rcxc7 34.
Rxc7 Kg7 35. Bc4 Nxc4 36. Rxc4 1/2-1/2

[Event "XXXIII Festival Conca della Presolana A"]
[Site "Bratto - Castione della Presolana ITA"]
[Date "2013.08.18"]
[Round "1"]
[White "Guerini, Silvia jr"]
[Black "Saracco, Marco"]
[WhiteElo "1773"]
[BlackElo "1872"]
[Result "1-0"]
[PlyCount "67"]
[EventDate "2013.08.18"]

1. e4 e6 2. Nf3 d5 3. e5 c5 4. b4 cxb4 5. a3 Nc6 6. axb4 Bxb4 7. c3 Be7 8. d4
g6 9. Bd3 h5 10. Na3 Nh6 11. Bxh6 Rxh6 12. O-O Kf8 13. Nd2 Kg7 14. f4 Bd7 15.
Nf3 a6 16. Nc2 b5 17. Qe1 Na5 18. Qf2 Nc4 19. Ng5 Rh8 20. h4 Qc8 21. Qg3 Qe8
22. f5 exf5 23. Bxf5 Bxf5 24. Rxf5 Bxg5 25. Qxg5 Rf8 26. Raf1 Qe6 27. R1f3 Ra7
28. Rg3 Kh7 29. Rf6 Qe8 30. e6 Rg8 31. exf7 Rxf7 32. Rxg6 Rxg6 33. Qxg6+ Kh8
34. Qh6+ 1-0

[Event "XXXIII Festival Conca della Presolana A"]
[Site "Bratto - Castione della Presolana ITA"]
[Date "2013.08.18"]
[Round "1"]
[White "Kravchenko, Oleg"]
[Black "Dieli, Alberto"]
[WhiteElo "1805"]
[BlackElo "1974"]
[Result "1-0"]
[PlyCount "65"]
[EventDate "2013.08.18"]

1. d4 Nf6 2. c4 g6 3. Nc3 Bg7 4. e4 d6 5. Nf3 O-O 6. Be2 Nbd7 7. O-O e5 8. d5
h6 9. Ne1 Qe7 10. Be3 Kh7 11. Nd3 Nb6 12. c5 Nc4 13. cxd6 cxd6 14. Bc1 Nb6 15.
a4 Ne8 16. a5 Nd7 17. Be3 f5 18. f3 f4 19. Bf2 Ndf6 20. a6 b6 21. Nb4 Bd7 22.
Nb5 Rf7 23. Rc1 Bc8 24. Rc3 Nd7 25. Nc6 Qg5 26. Nbxa7 Bxa6 27. Bxa6 Nc5 28. Bb5
Rb7 29. Ra3 h5 30. Be2 h4 31. Kh1 Nf6 32. Qe1 Qh5 33. Bxh4 1-0

[Event "XXXIII Festival Conca della Presolana A"]
[Site "Bratto - Castione della Presolana ITA"]
[Date "2013.08.18"]
[Round "1"]
[White "Listello, Massimiliano"]
[Black "Autino, Massimiliano"]
[WhiteElo "1767"]
[BlackElo "1879"]
[Result "0-1"]
[PlyCount "122"]
[EventDate "2013.08.18"]

1. e4 c5 2. Nf3 a6 3. Bc4 e6 4. c3 b5 5. Bb3 Bb7 6. d3 Nf6 7. Nbd2 d6 8. O-O
Be7 9. Re1 Nbd7 10. Nf1 O-O 11. Ng3 Qc7 12. Bf4 Ne5 13. Nxe5 dxe5 14. Be3 Rfd8
15. Qe2 Rd7 16. a4 b4 17. cxb4 cxb4 18. a5 Bc6 19. Rec1 Qb7 20. Bc4 Bb5 21. Bb6
Bxc4 22. Rxc4 Rc8 23. Rac1 Rxc4 24. Rxc4 Bd6 25. Qc2 Ne8 26. Rc8 Kf8 27. Ne2
Ke7 28. Rc6 Bc7 29. Qc5+ Kd8 30. Nc1 Bxb6 31. axb6 a5 32. g3 a4 33. Kf1 a3 34.
bxa3 bxa3 35. Ke2 Qa6 36. b7 Qxb7 37. Qa5+ Ke7 38. Qxa3+ Nd6 39. Ra6 Qc8 40.
Ke3 Qc2 41. Ne2 g5 42. Nc3 g4 43. Rc6 Ke8 44. Rxd6 Rxd6 45. Qxd6 Qxc3 46. Qb8+
Ke7 47. Qb7+ Kf6 48. Qb1 Kg5 49. Qd1 Qd4+ 50. Ke2 Qb2+ 51. Ke3 f5 52. Qd2 f4+
53. Ke2 Qd4 54. gxf4+ exf4 55. Qa5+ e5 56. Qd2 Kh4 57. Kf1 Qa1+ 58. Qe1 Qxe1+
59. Kxe1 Kh3 60. Kf1 Kxh2 61. d4 g3 0-1

[Event "XXXIII Festival Conca della Presolana A"]
[Site "Bratto - Castione della Presolana ITA"]
[Date "2013.08.18"]
[Round "1"]
[White "Loccisano, Giuseppe"]
[Black "Bosticardo, Tommaso"]
[WhiteElo "1772"]
[BlackElo "1900"]
[Result "0-1"]
[PlyCount "34"]
[EventDate "2013.08.18"]

1. e4 e5 2. Nf3 Nc6 3. Bc4 Bc5 4. O-O Nf6 5. d3 d6 6. h3 h6 7. Nc3 a6 8. a3 O-O
9. Ne2 Nh5 10. c3 Qf6 11. Be3 Bxh3 12. Bxc5 dxc5 13. Kh2 Bg4 14. Neg1 Nf4 15.
Qd2 Qg6 16. g3 Bxf3 17. gxf4 Qg2# 0-1

[Event "XXXIII Festival Conca della Presolana A"]
[Site "Bratto - Castione della Presolana ITA"]
[Date "2013.08.18"]
[Round "1"]
[White "Michel, Steve"]
[Black "Lazzarini, Sabrina"]
[WhiteElo "1979"]
[BlackElo "1824"]
[Result "1-0"]
[PlyCount "91"]
[EventDate "2013.08.18"]

1. d4 d5 2. c4 c6 3. Nf3 Nf6 4. Qc2 dxc4 5. Qxc4 Bf5 6. g3 e6 7. Bg2 Nbd7 8. e3
Be7 9. O-O O-O 10. Nc3 h6 11. Rd1 Bc2 12. Rd2 Nb6 13. Qe2 Bh7 14. e4 Bb4 15.
Ne1 Qe7 16. a3 Bxc3 17. bxc3 c5 18. a4 Rfd8 19. a5 Nbd7 20. Nc2 Rac8 21. e5 Nd5
22. c4 cxd4 23. cxd5 Rxc2 24. Rxc2 d3 25. Qe3 dxc2 26. d6 Qe8 27. Bxb7 Rb8 28.
Qxa7 Nxe5 29. f4 Nd3 30. d7 Qd8 31. a6 Nxc1 32. Rxc1 Qc7 33. Qd4 Rd8 34. Bc8
Qa5 35. Ra1 Qc7 36. Qe3 Rxd7 37. Bxd7 Qxd7 38. Re1 Qc6 39. a7 Qa8 40. Qb6 Be4
41. Qb8+ Kh7 42. Qxa8 Bxa8 43. Kf2 Kg6 44. Ke3 Kf5 45. Rc1 Be4 46. g4+ 1-0

[Event "XXXIII Festival Conca della Presolana A"]
[Site "Bratto - Castione della Presolana ITA"]
[Date "2013.08.18"]
[Round "1"]
[White "Morandi, Daniele"]
[Black "Oteri, Aldo"]
[WhiteElo "1893"]
[BlackElo "1772"]
[Result "0-1"]
[PlyCount "110"]
[EventDate "2013.08.18"]

1. e4 e6 2. d4 d5 3. Nd2 Be7 4. e5 Nh6 5. Bd3 c5 6. c3 cxd4 7. cxd4 Nc6 8. Ne2
Nf5 9. Nf3 Qa5+ 10. Bd2 Qb6 11. O-O O-O 12. Bc3 f6 13. Rc1 fxe5 14. dxe5 Bd7
15. Bb1 Rf7 16. Qd3 g6 17. Bd2 Qxb2 18. Rc2 Qb6 19. Rfc1 Raf8 20. Qb3 Nfd4 21.
Nfxd4 Nxd4 22. Nxd4 Qxd4 23. Be3 Qxe5 24. Qxb7 Bd6 25. g3 Ba4 26. Qb2 Bxc2 27.
Qxc2 Rc7 28. Qd2 Rxc1+ 29. Qxc1 d4 30. Bh6 Rf7 31. Bd3 Qf6 32. f4 Qd8 33. Qc4
e5 34. Qd5 Bc7 35. Qxd8+ Bxd8 36. Bc4 e4 37. Kf2 Be7 38. g4 Bf8 39. Bg5 Kg7 40.
Bh6+ Kg8 41. Bg5 h6 42. Bf6 Bc5 43. Ke2 Kf8 44. g5 hxg5 45. Bxf7 Kxf7 46. fxg5
Ke6 47. h4 Kf5 48. Bd8 Kg4 49. Bf6 Kxh4 50. Bd8 Kg4 51. Bf6 d3+ 52. Kd2 Kf3 53.
Bc3 Kf4 54. Bf6 Bb4+ 55. Kd1 e3 0-1

[Event "XXXIII Festival Conca della Presolana A"]
[Site "Bratto - Castione della Presolana ITA"]
[Date "2013.08.18"]
[Round "1"]
[White "Onida, Davide"]
[Black "Rizzi, Volfango"]
[WhiteElo "1783"]
[BlackElo "1916"]
[Result "1-0"]
[PlyCount "79"]
[EventDate "2013.08.18"]

1. Nf3 d5 2. c4 d4 3. b4 e6 4. c5 a5 5. Bb2 axb4 6. Bxd4 Nc6 7. Bb2 Nf6 8. d4
Be7 9. e3 O-O 10. Bb5 Qd5 11. a3 bxa3 12. Nc3 Qh5 13. Rxa3 Rxa3 14. Bxa3 Bd7
15. Qa4 Rd8 16. O-O Nd5 17. Bb2 Nb8 18. Ne4 f5 19. Ng3 Qe8 20. Bxd7 Qxd7 21.
Qb3 Qc8 22. e4 fxe4 23. Nxe4 Nc6 24. Ra1 Rf8 25. Nc3 Nxc3 26. Bxc3 Rd8 27. Re1
Rd5 28. Re4 Bf6 29. h3 Kf7 30. Qb2 Qa8 31. Ne1 Qa6 32. Kh2 b6 33. Nf3 bxc5 34.
dxc5 Rxc5 35. Bxf6 gxf6 36. Qd2 Ne7 37. Qh6 Qd6+ 38. g3 Ke8 39. Qxf6 Rf5 40.
Qh8+ 1-0

[Event "XXXIII Festival Conca della Presolana A"]
[Site "Bratto - Castione della Presolana ITA"]
[Date "2013.08.18"]
[Round "1"]
[White "Oppici, Gabriele"]
[Black "Gemelli, Giovanni"]
[WhiteElo "2002"]
[BlackElo "1842"]
[Result "1-0"]
[PlyCount "105"]
[EventDate "2013.08.18"]

1. d4 Nf6 2. Nf3 g6 3. Bf4 Bg7 4. e3 O-O 5. Be2 d6 6. h3 c5 7. c3 Bf5 8. O-O
Nbd7 9. Nbd2 a6 10. a4 b6 11. g4 Be6 12. e4 d5 13. e5 Ne8 14. Ng5 Nc7 15. Bd3
h6 16. Nxe6 fxe6 17. Be3 Qe8 18. Qb1 g5 19. Bg6 Qd8 20. f4 gxf4 21. Bxf4 cxd4
22. cxd4 b5 23. Qd3 bxa4 24. Qe3 Nb5 25. Bxh6 Qb6 26. Nf3 Rxf3 27. Qxf3 Nxe5
28. Bf7+ Kh8 29. Bxg7+ Kxg7 30. Qf4 Qxd4+ 31. Qxd4 Nxd4 32. Bh5 Rb8 33. Rf2 Rb4
34. Kg2 Ndc6 35. g5 Rh4 36. Be8 Rh8 37. Bxc6 Nxc6 38. Rxa4 a5 39. Rc2 Nb4 40.
Rc7 Kf7 41. Rxa5 Nd3 42. Raa7 Nf4+ 43. Kg3 Ng6 44. b4 d4 45. b5 Rb8 46. Rab7
Ra8 47. b6 Ra3+ 48. Kf2 Rb3 49. h4 Nxh4 50. Rxe7+ Kg6 51. Rxe6+ Kxg5 52. Rf7
Nf5 53. Re5 1-0

[Event "XXXIII Festival Conca della Presolana A"]
[Site "Bratto - Castione della Presolana ITA"]
[Date "2013.08.18"]
[Round "1"]
[White "Perico, Gianvittorio"]
[Black "Gagliardi, Claudio"]
[WhiteElo "1875"]
[BlackElo "1766"]
[Result "1/2-1/2"]
[PlyCount "62"]
[EventDate "2013.08.18"]

1. e4 c5 2. Nf3 Nc6 3. d4 cxd4 4. Nxd4 g6 5. Be3 Bg7 6. Nc3 Nf6 7. f3 Qb6 8.
Qd2 Nxe4 9. fxe4 Nxd4 10. O-O-O e5 11. Nb5 a6 12. Nxd4 exd4 13. Bxd4 Bxd4 14.
Qxd4 Qxd4 15. Rxd4 Ke7 16. Be2 Rd8 17. Rhd1 b6 18. Rd6 Bb7 19. Bf3 Bc6 20. e5
Rac8 21. Bd5 Bxd5 22. R1xd5 Rc6 23. Kd2 Rxd6 24. Rxd6 Rb8 25. Kd3 a5 26. b3 Rc8
27. c4 Rc6 28. Rxc6 dxc6 29. a4 Ke6 30. Kd4 f6 31. exf6 Kxf6 1/2-1/2

[Event "XXXIII Festival Conca della Presolana A"]
[Site "Bratto - Castione della Presolana ITA"]
[Date "2013.08.18"]
[Round "1"]
[White "Raselli, Claudio"]
[Black "Fiscato, Claudio"]
[WhiteElo "1910"]
[BlackElo "1775"]
[Result "1/2-1/2"]
[PlyCount "74"]
[EventDate "2013.08.18"]

1. c4 e5 2. Nc3 Nc6 3. g3 Bc5 4. Bg2 d6 5. e3 Nf6 6. a3 a5 7. Nge2 O-O 8. O-O
Bf5 9. d4 exd4 10. exd4 Bb6 11. Bg5 h6 12. Bxf6 Qxf6 13. Nd5 Qd8 14. Nxb6 cxb6
15. Qd2 Re8 16. Nc3 Rc8 17. Nd5 Be4 18. Rfe1 Bxd5 19. Bxd5 Ne7 20. Bxb7 Rxc4
21. Ba6 Rc7 22. Bb5 Rf8 23. Rac1 Rxc1 24. Rxc1 Qb8 25. Qe2 Qd8 26. Qc4 d5 27.
Qc7 Nf5 28. Qe5 Ne7 29. Bd3 Ng6 30. Bxg6 fxg6 31. Rc7 Rf7 32. Rc6 Rf6 33. Rxf6
gxf6 34. Qe6+ Kg7 35. a4 h5 36. h4 Kh6 37. Kg2 Kg7 1/2-1/2

[Event "XXXIII Festival Conca della Presolana A"]
[Site "Bratto - Castione della Presolana ITA"]
[Date "2013.08.18"]
[Round "1"]
[White "Savoldelli, Dario"]
[Black "Guerini, Sara"]
[WhiteElo "1852"]
[BlackElo "1723"]
[Result "0-1"]
[PlyCount "146"]
[EventDate "2013.08.18"]

1. e4 e5 2. Nf3 Nc6 3. Bb5 a6 4. Ba4 Nf6 5. O-O Be7 6. Re1 b5 7. Bb3 O-O 8. a4
Bb7 9. c3 d6 10. d3 Nd7 11. Nbd2 Nc5 12. Bc2 Bf6 13. axb5 axb5 14. Rxa8 Qxa8
15. Nf1 Ne7 16. Ng3 d5 17. Qe2 Ng6 18. Nf5 Re8 19. Qe3 Ne6 20. g3 Qd8 21. h4
Ne7 22. Nxe7+ Bxe7 23. Nxe5 Bd6 24. d4 c5 25. Nf3 Qc8 26. e5 Be7 27. Qd3 g6 28.
Be3 b4 29. Qd2 bxc3 30. bxc3 Ng7 31. Kg2 Nf5 32. Bg5 Bxg5 33. hxg5 cxd4 34.
cxd4 Ba6 35. Bd3 Bxd3 36. Qxd3 Qc6 37. Rd1 Qa4 38. Rb1 Rc8 39. g4 Ne7 40. Qb3
Qd7 41. Kg3 Nc6 42. Qa3 Rd8 43. Rc1 Qe6 44. Rc5 Nxd4 45. Nxd4 Qxe5+ 46. f4 Qxd4
47. Qc3 Qg1+ 48. Kf3 Qh1+ 49. Kg3 d4 50. Qc1 Qe4 51. Rc8 Rxc8 52. Qxc8+ Kg7 53.
Qc7 d3 54. Qc3+ Kf8 55. Qh8+ Ke7 56. Qf6+ Ke8 57. Qb6 Qd5 58. Qe3+ Kd7 59. Qd2
Kc6 60. Kf2 Qd4+ 61. Kf3 Kd5 62. Qa5+ Kc4 63. Qa4+ Kc3 64. Qa1+ Kc4 65. Qa2+
Kb4 66. Qb1+ Ka3 67. Qc1+ Qb2 68. Qc5+ Ka2 69. Qc4+ Qb3 70. Qa6+ Kb1 71. Ke3
Kc2 72. Qc6+ Qc3 73. Qe4 Qe1+ 0-1

[Event "XXXIII Festival Conca della Presolana A"]
[Site "Bratto - Castione della Presolana ITA"]
[Date "2013.08.18"]
[Round "1"]
[White "Scagliotti, Guglielmo"]
[Black "Gardi, Giuseppe"]
[WhiteElo "1840"]
[BlackElo "1999"]
[Result "1-0"]
[PlyCount "107"]
[EventDate "2013.08.18"]

1. e4 d6 2. d4 Nf6 3. Nc3 g6 4. f4 Bg7 5. Nf3 O-O 6. Be2 Nc6 7. O-O e5 8. fxe5
dxe5 9. d5 Nd4 10. Bg5 Qd6 11. Kh1 Bd7 12. Qd2 b5 13. Bd3 Nh5 14. Bh6 b4 15.
Ne2 Nxe2 16. Bxe2 Nf4 17. Bxg7 Kxg7 18. Nxe5 Qxe5 19. Qxf4 Qxb2 20. Qxc7 Ba4
21. Bd3 Rac8 22. Qxa7 Bxc2 23. Bxc2 Rxc2 24. Rab1 Qc3 25. Rbd1 Kg8 26. Rf2 b3
27. axb3 Rxf2 28. Qxf2 Qxb3 29. Qf3 Qb2 30. d6 Qe5 31. h3 Rd8 32. Qd3 Kg7 33.
Kg1 Rd7 34. Kh1 h5 35. Kg1 f6 36. Kh1 Qc5 37. Kh2 Qf2 38. Rd2 Qf4+ 39. Kg1 Qe5
40. Rd1 Qc5+ 41. Kh1 Qe5 42. Qc2 Kh6 43. Qc8 Qe6 44. h4 Kg7 45. Qc6 Qg4 46. Rc1
Qxh4+ 47. Kg1 Rf7 48. d7 f5 49. Qc8 Rf8 50. Qxf8+ Kxf8 51. Rc8+ Kg7 52. d8=Q
Qe1+ 53. Kh2 Kh6 54. Qf6 1-0

[Event "XXXIII Festival Conca della Presolana A"]
[Site "Bratto - Castione della Presolana ITA"]
[Date "2013.08.18"]
[Round "1"]
[White "Tardelli, Andrea"]
[Black "Iasman, Inna"]
[WhiteElo "1793"]
[BlackElo "1970"]
[Result "1/2-1/2"]
[PlyCount "85"]
[EventDate "2013.08.18"]

1. d4 d5 2. Nc3 Nf6 3. Bg5 e6 4. e4 dxe4 5. Nxe4 Be7 6. Nxf6+ Bxf6 7. Bxf6 Qxf6
8. Nf3 O-O 9. Bd3 Nd7 10. Qe2 c5 11. O-O cxd4 12. Qe4 g6 13. Qxd4 Qxd4 14. Nxd4
Nc5 15. Be2 e5 16. Nb3 Nxb3 17. axb3 Bf5 18. c3 Bc2 19. Rfc1 Be4 20. f3 Bc6 21.
b4 a6 22. Bc4 Kg7 23. Rd1 Rad8 24. Bb3 e4 25. fxe4 Bxe4 26. Rxd8 Rxd8 27. Rd1
Rxd1+ 28. Bxd1 f5 29. Be2 Kf6 30. b5 axb5 31. Bxb5 Ke5 32. Kf2 f4 33. Be2 b6
34. Bf3 Bf5 35. h3 g5 36. Bg4 Bg6 37. Ke2 Be4 38. Kf2 h6 39. b4 Bd3 40. Bh5 Bc4
41. Kf3 Be6 42. Kf2 Bb3 43. Ke2 1/2-1/2

[Event "XXXIII Festival Conca della Presolana A"]
[Site "Bratto - Castione della Presolana ITA"]
[Date "2013.08.18"]
[Round "1"]
[White "Vlug, Andre"]
[Black "Grazzi, Roberto"]
[WhiteElo "1847"]
[BlackElo "2021"]
[Result "0-1"]
[PlyCount "46"]
[EventDate "2013.08.18"]

1. e4 e5 2. Nf3 Nc6 3. d4 exd4 4. Bc4 Nf6 5. O-O Nxe4 6. Re1 d5 7. Bxd5 Qxd5 8.
Nc3 Qh5 9. Nxe4 Be6 10. Neg5 O-O-O 11. Nxe6 fxe6 12. Rxe6 Bd6 13. Qe2 d3 14.
cxd3 Nd4 15. Qe4 Nxe6 16. Qxe6+ Kb8 17. Be3 Rhf8 18. h3 Rde8 19. Qc4 Rxf3 20.
gxf3 Qxh3 21. f4 g5 22. Bxa7+ Kc8 23. Be3 gxf4 0-1

[Event "XXXIII Festival Conca della Presolana A"]
[Site "Bratto - Castione della Presolana ITA"]
[Date "2013.08.19"]
[Round "2"]
[White "Autino, Massimiliano"]
[Black "Dubois, Martine"]
[WhiteElo "1879"]
[BlackElo "1995"]
[Result "0-1"]
[PlyCount "146"]
[EventDate "2013.08.18"]

1. c4 e5 2. Nc3 Nf6 3. g3 c6 4. Bg2 d6 5. d3 Be6 6. Nf3 Nbd7 7. O-O h6 8. Rb1
d5 9. cxd5 Nxd5 10. Nxd5 Bxd5 11. b3 Be7 12. e4 Be6 13. d4 Bg4 14. dxe5 Qa5 15.
Qc2 Nxe5 16. Nxe5 Qxe5 17. Bb2 Qg5 18. f4 Qc5+ 19. Qxc5 Bxc5+ 20. Kh1 O-O 21.
h3 Be2 22. Rfe1 Bd3 23. Rbc1 Bf2 24. Red1 Rfd8 25. Kh2 Ba6 26. Bf3 Be3 27.
Rxd8+ Rxd8 28. Rd1 Rxd1 29. Bxd1 Bd3 30. Bf3 c5 31. e5 b5 32. Bd5 Bf1 33. f5
Bd3 34. e6 Bxf5 35. exf7+ Kf8 36. Be5 Bg5 37. Bb8 a6 38. Bb7 Kxf7 39. Bxa6 Bd7
40. Kg2 Be3 41. Bb7 Bd4 42. Ba7 b4 43. g4 Kf6 44. Bb6 Ke6 45. Kf3 Kd6 46. Ke4
Be8 47. Kf5 Bb5 48. Be4 Be8 49. Ba7 Bf7 50. Bb8+ Ke7 51. Bd3 g6+ 52. Ke4 Be8
53. Bc4 Bc6+ 54. Bd5 Bb5 55. Bc4 Bc6+ 56. Kf4 Kf6 57. Bd3 g5+ 58. Kg3 Be5+ 59.
Bxe5+ Kxe5 60. h4 Kd4 61. Bc4 Kc3 62. hxg5 hxg5 63. Kf2 Kb2 64. Ke3 Kxa2 65.
Be6 Kb2 66. Kd3 Bb5+ 67. Ke4 Be2 68. Kf5 Bd1 69. Kxg5 Bxb3 70. Kf6 Bxe6 71.
Kxe6 c4 72. g5 c3 73. g6 c2 0-1

[Event "XXXIII Festival Conca della Presolana A"]
[Site "Bratto - Castione della Presolana ITA"]
[Date "2013.08.19"]
[Round "2"]
[White "Bosticardo, Tommaso"]
[Black "Oppici, Gabriele"]
[WhiteElo "1900"]
[BlackElo "2002"]
[Result "1-0"]
[PlyCount "69"]
[EventDate "2013.08.18"]

1. d4 Nc6 2. d5 Ne5 3. e4 d6 4. f4 Nd7 5. Nf3 c6 6. c4 Nc5 7. Nc3 Bg4 8. Be2
Nf6 9. Qd4 Qa5 10. O-O Nb3 11. axb3 Qxa1 12. e5 Nd7 13. dxc6 bxc6 14. exd6 e6
15. h3 Bxf3 16. Bxf3 Qa6 17. c5 Rc8 18. Re1 Rg8 19. Bh5 g6 20. Bg4 Bg7 21. Qe3
Nf8 22. b4 Qc4 23. Ne2 Qxb4 24. Bd2 Qxb2 25. Bc3 Bxc3 26. Nxc3 Qb7 27. Rb1 Qa8
28. Ne4 Nd7 29. Ng5 Rg7 30. Qd4 Rg8 31. Nxh7 Rb8 32. Re1 Qb7 33. Nf6+ Kd8 34.
Nxg8 Qb3 35. Ne7 1-0